[Event "29th 4NCL Congress"]
[Site "Harrogate"]
[Date "2023.01.20"]
[Round "1"]
[Board "21"]
[White "Salazar Eyre, Emma"]
[Black "Kenning, Paul H"]
[Result "0-1"]
[WhiteElo "1700"]
[BlackElo "1842"]
[PlyCount "120"]
[EventDate "2023.01.20"]
[EventRounds "5"]
[EventCountry "ENG"]

1. e4 d6 2. d4 Nf6 3. Nc3 Nbd7 4. Nf3 e5 5. dxe5 dxe5 6. Bc4 Be7 7. O-O c6 8. h3
Qc7 9. Re1 h6 10. a3 g5 11. Nh2 Nf8 12. Qf3 Be6 13. Bxe6 Nxe6 14. Ne2 O-O-O 15. b4
h5 16. Bb2 Nf4 17. Qe3 Kb8 18. Nf3 Nd7 19. Qc3 f6 20. Nh2 Nf8 21. a4 N8e6 22. Qb3
Qb6 23. Bc3 Rd7 24. Rab1 Rhd8 25. Nxf4 Nxf4 26. a5 Qb5 27. Nf1 Ne2+ 28. Kh1 Nxc3
29. Qxc3 Rd4 30. Qf3 Rxb4 31. Rxb4 Qxb4 32. Ra1 Qb2 33. Re1 Qxc2 34. Ne3 Qc3 35.
Rf1 h4 36. Qg4 Qxa5 37. Qe6 Qc7 38. Nf5 Re8 39. Ng7 Rc8 40. Nf5 Re8 41. Ng7 Rf8 42.
Nf5 Bc5 43. Qb3 Qb6 44. Qf3 Bd4 45. Qa3 Qc5 46. Qf3 Qc3 47. Qe2 a5 48. Qa2 Qc5 49.
Ng7 Qe7 50. Nf5 Qc5 51. Ng7 Qb5 52. Rb1 Qd3 53. Ne6 Re8 54. Ng7 Re7 55. Nf5 Rd7 56.
Qg8+ Ka7 57. Rb3 Qxe4 58. Qg6 Bxf2 59. Kh2 Bg3+ 60. Kh1 Qe1#  0-1

[Event "29th 4NCL Congress"]
[Site "Harrogate"]
[Date "2023.01.20"]
[Round "1"]
[Board "22"]
[White "Dean, Robert A"]
[Black "Salisbury, Paul"]
[Result "1-0"]
[WhiteElo "1830"]
[BlackElo "1700"]
[PlyCount "23"]
[EventDate "2023.01.20"]
[EventRounds "5"]
[EventCountry "ENG"]

1. Nf3 d5 2. d4 Bg4 3. Bg5 f6 4. Bh4 c5 5. e3 Qa5+ 6. c3 e6 7. Nbd2 cxd4 8. exd4
Nd7 9. Qb3 Qb6 10. Bb5 Qd8 11. Ne5 g5 12. Bxd7+  1-0

[Event "29th 4NCL Congress"]
[Site "Harrogate"]
[Date "2023.01.20"]
[Round "1"]
[Board "23"]
[White "Walshaw, David"]
[Black "Greatorex, Roger"]
[Result "1-0"]
[WhiteElo "1686"]
[BlackElo "1830"]
[PlyCount "49"]
[EventDate "2023.01.20"]
[EventRounds "5"]
[EventCountry "ENG"]

1. e4 c5 2. Nf3 e6 3. d4 cxd4 4. Nxd4 a6 5. Be3 Nf6 6. Nc3 Bb4 7. Bd3 Bxc3+ 8. bxc3
Qc7 9. c4 Nc6 10. O-O h5 11. Nxc6 dxc6 12. h3 c5 13. Bg5 Nd7 14. f4 Qd6 15. Qf3 f6
16. Bh4 e5 17. Qg3 Qe7 18. Be2 Kd8 19. fxe5 Nxe5 20. Rad1+ Ke8 21. Rd5 Bd7 22. Rxe5
Qxe5 23. Qxg7 Rf8 24. Bxf6 Qd6 25. Bxh5+  1-0

[Event "29th 4NCL Congress"]
[Site "Harrogate"]
[Date "2023.01.20"]
[Round "1"]
[Board "24"]
[White "Tomlinson, Zak"]
[Black "Ginestie, Martin"]
[Result "1-0"]
[WhiteElo "1828"]
[BlackElo "1684"]
[PlyCount "127"]
[EventDate "2023.01.20"]
[EventRounds "5"]
[EventCountry "ENG"]

1. e4 Nf6 2. e5 Nd5 3. Nf3 d6 4. d4 Nc6 5. Bb5 g6 6. c4 Nb6 7. d5 a6 8. Ba4 Nxa4
9. Qxa4 b5 10. cxb5 Nxe5 11. Nxe5 dxe5 12. bxa6+ Qd7 13. Qxd7+ Bxd7 14. Bd2 Bb5 15.
Bc3 Bg7 16. f4 O-O 17. Bxe5 Bxa6 18. Nc3 Rab8 19. O-O-O Rb7 20. Rhe1 Bxe5 21. Rxe5
Re8 22. Rde1 Kf8 23. Ne4 Rbb8 24. Nc5 Bc8 25. Nb3 Rb5 26. Nd4 Rc5+ 27. Kb1 Bd7 28.
Rc1 Rxc1+ 29. Kxc1 Ra8 30. a3 Ra4 31. Ne2 Rc4+ 32. Kd2 Bf5 33. b3 Rc2+ 34. Ke1 Ra2
35. a4 Ke8 36. Nd4 Bd7 37. Re2 Ra1+ 38. Kf2 Rd1 39. Ke3 Bg4 40. Rc2 Re1+ 41. Kd3
Kd7 42. h3 Bd1 43. Rc1 Kc8 44. Nf3 Be2+ 45. Kd2 Rxc1 46. Kxc1 Bxf3 47. gxf3 Kb7 48.
Kd2 e6 49. dxe6 fxe6 50. Ke3 c5 51. Ke4 Kb6 52. Ke5 Ka5 53. Kxe6 Kb4 54. Kd5 Kxb3
55. Kxc5 Kxa4 56. Kd5 Kb3 57. Ke6 Kc4 58. Kf6 Kd5 59. Kg7 Ke6 60. Kxh7 Kf7 61. h4
Kf6 62. Kh6 Kf7 63. Kg5 Kg7 64. f5  1-0

[Event "29th 4NCL Congress"]
[Site "Harrogate"]
[Date "2023.01.20"]
[Round "1"]
[Board "25"]
[White "Farahmandpour, Ehsan"]
[Black "Cawston, M John"]
[Result "0-1"]
[WhiteElo "1638"]
[BlackElo "1820"]
[PlyCount "134"]
[EventDate "2023.01.20"]
[EventRounds "5"]
[EventCountry "ENG"]

1. d4 Nf6 2. Bf4 g6 3. Nc3 d5 4. e3 Bg7 5. h4 h5 6. Bb5+ c6 7. Bd3 Qa5 8. Qd2 Nbd7
9. a3 Nf8 10. Nf3 Bf5 11. b4 Qd8 12. b5 Bxd3 13. Qxd3 Ne6 14. Be5 O-O 15. bxc6 bxc6
16. Ng5 Qd7 17. Rb1 Ng4 18. Bxg7 Kxg7 19. Na4 Rab8 20. Ke2 Nh6 21. c4 Nxg5 22. hxg5
Qg4+ 23. Kf1 Qxg5 24. cxd5 cxd5 25. Nc5 Qf5 26. Qxf5 Nxf5 27. Ke2 Rxb1 28. Rxb1 Nd6
29. Kd3 Rc8 30. a4 a5 31. Rb3 Rc7 32. Rb6 Nc4 33. Rb7 Rxb7 34. Nxb7 Nb2+ 35. Kc2
Nxa4 36. Nxa5 h4 37. Nb3 Nb6 38. Nd2 g5 39. Nf3 f6 40. g4 Nc4 41. Kd3 Kg6 42. e4
dxe4+ 43. Kxe4 e6 44. d5 exd5+ 45. Kxd5 Ne5 46. Nh2 Nd3 47. f3 Nf4+ 48. Ke4 Ne2 49.
Ke3 Nf4 50. Ke4 Ne6 51. Nf1 Nc5+ 52. Ke3 f5 53. gxf5+ Kxf5 54. Nh2 Ne6 55. Ng4 Nf4
56. Nh6+ Ke5 57. Ng4+ Ke6 58. Nh2 Kf5 59. Ng4 Nd5+ 60. Kf2 Kf4 61. Nh2 Ne3 62. Ke2
Kg3 63. f4 gxf4 64. Nf3 h3 65. Nh2 Kxh2 66. Kf2 Ng2 67. Kf3 Kg1  0-1

[Event "29th 4NCL Congress"]
[Site "Harrogate"]
[Date "2023.01.20"]
[Round "1"]
[Board "26"]
[White "Procter, Colin S"]
[Black "De Silva, Sithun"]
[Result "1-0"]
[WhiteElo "1820"]
[BlackElo "1553"]
[PlyCount "139"]
[EventDate "2023.01.20"]
[EventRounds "5"]
[EventCountry "ENG"]

1. d4 Nf6 2. Bf4 g6 3. e3 Bg7 4. Nf3 b6 5. Be2 Bb7 6. O-O O-O 7. h3 d6 8. c4 Nbd7
9. Nc3 e6 10. b4 Qe7 11. Bh2 e5 12. Rc1 Rac8 13. d5 Rfd8 14. Nd2 Nb8 15. Nde4 Nxe4
16. Nxe4 f5 17. Nc3 c6 18. b5 cxd5 19. Nxd5 Bxd5 20. Qxd5+ Qf7 21. Rfd1 Qxd5 22.
Rxd5 Bf8 23. Rcd1 Be7 24. g4 Nd7 25. gxf5 Nf6 26. R5d3 gxf5 27. f3 Kf7 28. Kf2 e4
29. Rd4 Ke6 30. Bf4 Rc5 31. Rg1 Rf8 32. Rg7 Rf7 33. Rxf7 Kxf7 34. Bxd6 exf3 35. Bxe7
Kxe7 36. Bxf3 Nd7 37. Bd5 Nf6 38. Bf3 Nd7 39. Rh4 Nf6 40. Ke2 Kd6 41. Kd3 Ke5 42.
Rd4 Rc7 43. Kc3 Nd7 44. e4 Nc5 45. Rd5+ Kf4 46. Rxf5+ Ke3 47. e5 Ne4+ 48. Bxe4 Kxe4
49. Rh5 Rd7 50. e6 Re7 51. h4 Rc7 52. a4 Rg7 53. Kb4 Re7 54. c5 bxc5+ 55. Kxc5 Rxe6
56. Rxh7 Kd3 57. Rxa7 Re4 58. a5 Rxh4 59. b6 Kc3 60. Rd7 Kb3 61. b7 Rb4 62. Rd3+
Ka4 63. Rd4 Rxd4 64. Kxd4 Kb5 65. b8=Q+ Kc6 66. Qb6+ Kd7 67. Ke5 Ke8 68. Qb7 Kf8
69. a6 Ke8 70. a7  1-0

[Event "29th 4NCL Congress"]
[Site "Harrogate"]
[Date "2023.01.21"]
[Round "2"]
[Board "1"]
[White "Hymer, Barry"]
[Black "Neenan, Henry"]
[Result "1-0"]
[WhiteElo "1987"]
[BlackElo "1846"]
[PlyCount "80"]
[EventDate "2023.01.20"]
[EventRounds "5"]
[EventCountry "ENG"]

1. d4 Nf6 2. Nc3 d5 3. Bf4 c5 4. e3 cxd4 5. exd4 a6 6. Nf3 Bg4 7. h3 Bxf3 8. Qxf3
e6 9. O-O-O Bd6 10. g4 Nc6 11. Kb1 b5 12. Bxd6 Qxd6 13. g5 Ng8 14. h4 Nge7 15. Bh3
O-O 16. Rhe1 Ng6 17. h5 Nf4 18. h6 g6 19. Ne2 Nh5 20. Bg4 e5 21. Bxh5 e4 22. Qf4
Qxf4 23. Nxf4 Ne7 24. Bg4 f5 25. gxf6 Rxf6 26. Be6+ Kh8 27. Bxd5 Rd8 28. Rxe4 Rxf4
29. Rxe7 Rxf2 30. Rde1 Rff8 31. Bf7 Rxd4 32. Re8 Rd8 33. Rxd8 Rxd8 34. a4 bxa4 35.
Re8+ Rxe8 36. Bxe8 g5 37. Bh5 Kg8 38. Ka2 Kf8 39. Ka3 Ke7 40. Kxa4 Kf6  1-0

[Event "29th 4NCL Congress"]
[Site "Harrogate"]
[Date "2023.01.21"]
[Round "2"]
[Board "2"]
[White "Kenning, Paul H"]
[Black "Pilley, Jack"]
[Result "0-1"]
[WhiteElo "1842"]
[BlackElo "1944"]
[PlyCount "70"]
[EventDate "2023.01.20"]
[EventRounds "5"]
[EventCountry "ENG"]

1. d4 Nf6 2. Bf4 e6 3. e3 c5 4. c3 d5 5. Nd2 Bd6 6. Bg3 Qc7 7. dxc5 Qxc5 8. Ngf3
O-O 9. Bd3 Nbd7 10. O-O Bxg3 11. hxg3 b6 12. Qe2 Bb7 13. Rfe1 Rfd8 14. Rad1 Qc7 15.
e4 Nc5 16. e5 Nxd3 17. Qxd3 Nd7 18. Qd4 Rac8 19. Rc1 h6 20. g4 Qc5 21. Nb3 Qe7 22.
Nbd2 Nb8 23. Qf4 Nd7 24. Re3 Nf8 25. Nd4 Ng6 26. Qh2 b5 27. Nxb5 d4 28. Re2 Ba6 29.
a4 dxc3 30. Rxc3 Qb4 31. Rxc8 Rxc8 32. Qg3 Qxa4 33. Nd6 Rc1+ 34. Kh2 Bxe2 35. N2e4
Qd1  0-1

[Event "29th 4NCL Congress"]
[Site "Harrogate"]
[Date "2023.01.21"]
[Round "2"]
[Board "3"]
[White "Robson, Paul E"]
[Black "Dean, Robert A"]
[Result "1-0"]
[WhiteElo "1942"]
[BlackElo "1830"]
[PlyCount "75"]
[EventDate "2023.01.20"]
[EventRounds "5"]
[EventCountry "ENG"]

1. e4 e6 2. d4 d5 3. Nd2 Nf6 4. e5 Nfd7 5. Bd3 c5 6. c3 Nc6 7. Ngf3 Qb6 8. O-O cxd4
9. cxd4 Nxd4 10. Nxd4 Qxd4 11. Nf3 Qb6 12. Qa4 Bc5 13. a3 a5 14. Bd2 Qd8 15. Rac1
b6 16. Rc2 Bb7 17. Bb5 h6 18. Rfc1 g5 19. Qg4 h5 20. Qxg5 Qxg5 21. Nxg5 a4 22. Bb4
Rg8 23. h4 Ke7 24. Bxd7 Kxd7 25. Bxc5 bxc5 26. Rxc5 Rac8 27. Rxc8 Bxc8 28. Nxf7 Ba6
29. Ng5 Bc4 30. Nf3 Rb8 31. Rc2 Bd3 32. Rd2 Be4 33. Nd4 Bh7 34. f3 Rb6 35. Kf2 Ke7
36. g4 Bg6 37. Kg3 Rb8 38. Nc6+  1-0

[Event "29th 4NCL Congress"]
[Site "Harrogate"]
[Date "2023.01.21"]
[Round "2"]
[Board "4"]
[White "Tomlinson, Zak"]
[Black "Gostelow, Luke"]
[Result "0-1"]
[WhiteElo "1828"]
[BlackElo "1920"]
[PlyCount "72"]
[EventDate "2023.01.20"]
[EventRounds "5"]
[EventCountry "ENG"]

1. e4 c5 2. c3 Nf6 3. e5 Nd5 4. d4 d6 5. Bc4 Nb6 6. Bb3 c4 7. Bc2 dxe5 8. dxe5 Qc7
9. Nf3 Nc6 10. Bf4 Bg4 11. Nbd2 g6 12. h3 Be6 13. Qe2 Bg7 14. O-O O-O 15. a4 a6 16.
Bg3 Na5 17. Nd4 Nd7 18. Nxe6 fxe6 19. Nf3 Nc5 20. Nd4 Qb6 21. Ra2 Rad8 22. Rb1 Ncb3
23. Bxb3 Nxb3 24. Nxb3 cxb3 25. Ra3 Rd5 26. Re1 Rf5 27. Qe3 Qd8 28. Rxb3 b5 29. axb5
axb5 30. Qe2 Bxe5 31. Bxe5 Rfxe5 32. Qf1 Rxe1 33. Qxe1 Rd1 34. Kf1 Rxe1+ 35. Kxe1
Qd5 36. Rb4 Qxg2  0-1

[Event "29th 4NCL Congress"]
[Site "Harrogate"]
[Date "2023.01.21"]
[Round "2"]
[Board "5"]
[White "Cawston, M John"]
[Black "De Sousa Muachikape, Jael"]
[Result "1/2-1/2"]
[WhiteElo "1820"]
[BlackElo "1913"]
[PlyCount "113"]
[EventDate "2023.01.20"]
[EventRounds "5"]
[EventCountry "ENG"]

1. d4 d5 2. c4 c6 3. Nf3 Nf6 4. Qc2 g6 5. Bf4 Bf5 6. Qb3 Qb6 7. c5 Qxb3 8. axb3 Na6
9. Na3 Bg7 10. Be5 O-O 11. Nh4 Be6 12. e3 Nb4 13. Be2 Ne4 14. Bxg7 Kxg7 15. f3 Nf6
16. g4 b6 17. Rc1 Nd7 18. cxb6 axb6 19. Ng2 Rfc8 20. Nf4 Nf8 21. Nxe6+ Nxe6 22. O-O
c5 23. dxc5 Nxc5 24. Bd1 Ncd3 25. Rb1 Nxb2 26. Rxb2 Rxa3 27. Rd2 Rc3 28. Kf2 e6 29.
Ke2 e5 30. g5 Ra2 31. Rxa2 Nxa2 32. Kd2 d4 33. exd4 exd4 34. f4 Rh3 35. Rf2 Nb4 36.
Bf3 h6 37. Ke2 hxg5 38. fxg5 Rh8 39. Kd2 Rc8 40. Be4 Rc3 41. Rf3 Rc5 42. h4 Ra5 43.
Rf6 Ra2+ 44. Kd1 Rb2 45. Rxb6 Rxb3 46. Rd6 Na2 47. Rxd4 Rh3 48. Bd3 Rh2 49. Bc4 Nc3+
50. Ke1 f5 51. gxf6+ Kxf6 52. Rd6+ Kg7 53. Bd3 Rg2 54. Kf1 Rg4 55. Kf2 Ne4+ 56. Bxe4
Rxe4 57. Kg3  1/2-1/2

[Event "29th 4NCL Congress"]
[Site "Harrogate"]
[Date "2023.01.21"]
[Round "2"]
[Board "6"]
[White "Bielby, Paul R"]
[Black "Procter, Colin S"]
[Result "0-1"]
[WhiteElo "1890"]
[BlackElo "1820"]
[PlyCount "68"]
[EventDate "2023.01.20"]
[EventRounds "5"]
[EventCountry "ENG"]

1. e4 e6 2. d4 d5 3. Nd2 dxe4 4. Nxe4 Nd7 5. Nf3 Ngf6 6. Ng3 c5 7. Bd3 cxd4 8. Nxd4
Bc5 9. Be3 Nd5 10. O-O Nxe3 11. fxe3 O-O 12. Qh5 g6 13. Qe2 Ne5 14. Nb3 Nxd3 15.
cxd3 Be7 16. d4 b6 17. Rfd1 Bb7 18. e4 Bf6 19. Rac1 Rc8 20. Rc3 Qe7 21. e5 Bg7 22.
Nd2 f5 23. Nc4 Ba6 24. Qc2 Bxc4 25. Rxc4 Qd7 26. b3 Rfd8 27. Kf2 Rxc4 28. Qxc4 b5
29. Qe2 Qd5 30. Ke1 Bf8 31. Nf1 Bb4+ 32. Kf2 Bc3 33. Ne3 Bxd4 34. Kf1 Qxe5  0-1

[Event "29th 4NCL Congress"]
[Site "Harrogate"]
[Date "2023.01.21"]
[Round "2"]
[Board "7"]
[White "Obi, Okwose Marc"]
[Black "Williamson, Graham A"]
[Result "1-0"]
[WhiteElo "1871"]
[BlackElo "1807"]
[PlyCount "67"]
[EventDate "2023.01.20"]
[EventRounds "5"]
[EventCountry "ENG"]

1. e4 e6 2. d4 d5 3. e5 c5 4. c3 Nc6 5. Nf3 Bd7 6. Bd3 Qc7 7. O-O f6 8. Re1 O-O-O
9. Na3 c4 10. Bf1 Bxa3 11. bxa3 h6 12. a4 f5 13. Ba3 Nce7 14. Bb4 g5 15. Re2 Bc6
16. Rb1 f4 17. Reb2 Nf5 18. a5 a6 19. Ne1 Rd7 20. Nc2 Ba4 21. Qh5 Rg7 22. Be2 Qd8
23. Bd1 Be8 24. Qe2 Bg6 25. Qd2 Nge7 26. Bc5 Nc6 27. Bb6 Qe8 28. Nb4 Nxb4 29. Rxb4
Ne7 30. Ba4 Nc6 31. R1b2 Rhh7 32. Bc5 Rf7 33. Rb6 f3 34. Bxc6  1-0

[Event "29th 4NCL Congress"]
[Site "Harrogate"]
[Date "2023.01.21"]
[Round "2"]
[Board "8"]
[White "Waite, Nicholas"]
[Black "Mata, Andrew B"]
[Result "0-1"]
[WhiteElo "1437"]
[BlackElo "1868"]
[PlyCount "58"]
[EventDate "2023.01.20"]
[EventRounds "5"]
[EventCountry "ENG"]

1. d4 Nf6 2. Bf4 d5 3. e3 c5 4. Nf3 Bg4 5. h3 Bh5 6. Be2 Nc6 7. c3 e6 8. Nbd2 c4
9. Ne5 Bxe2 10. Qxe2 Rc8 11. e4 b5 12. Nxc6 Rxc6 13. e5 Nd7 14. b3 b4 15. bxc4 bxc3
16. Nb3 Rxc4 17. Qc2 Be7 18. Be3 O-O 19. O-O f5 20. f4 a5 21. Rf3 Qc7 22. a3 Rb8
23. Ra2 Rb5 24. Bc1 Qb6 25. Rxc3 Rxc3 26. Qxc3 Rxb3 27. Qc8+ Qd8 28. Qxd8+ Bxd8 29.
Bd2 Bb6  0-1

[Event "29th 4NCL Congress"]
[Site "Harrogate"]
[Date "2023.01.21"]
[Round "2"]
[Board "9"]
[White "Donahue, Randolph E"]
[Black "Walshaw, David"]
[Result "1-0"]
[WhiteElo "1848"]
[BlackElo "1686"]
[PlyCount "45"]
[EventDate "2023.01.20"]
[EventRounds "5"]
[EventCountry "ENG"]

1. e4 g6 2. d4 Bg7 3. Nc3 c5 4. dxc5 Qa5 5. Bd2 Qxc5 6. Nf3 a6 7. Bd3 Nf6 8. O-O
O-O 9. Be3 Qc7 10. e5 Ng4 11. Nd5 Qa5 12. Nxe7+ Kh8 13. Bd4 Nxe5 14. Nxe5 Bxe5 15.
Bxe5+ Qxe5 16. Re1 Qc5 17. Qf3 Qd4 18. Bxg6 hxg6 19. Nxg6+ Kg7 20. Nxf8 Kxf8 21.
Re4 Qb6 22. Rae1 Qd8 23. Qh5  1-0

[Event "29th 4NCL Congress"]
[Site "Harrogate"]
[Date "2023.01.21"]
[Round "2"]
[Board "10"]
[White "Wheeler, Tim"]
[Black "Gibbs, Dominic V"]
[Result "1/2-1/2"]
[WhiteElo "1762"]
[BlackElo "1966"]
[PlyCount "81"]
[EventDate "2023.01.20"]
[EventRounds "5"]
[EventCountry "ENG"]

1. e4 e6 2. d4 d5 3. Nd2 c5 4. Ngf3 cxd4 5. Nxd4 Nc6 6. Bb5 Bd7 7. Nxc6 bxc6 8. Bd3
Bd6 9. Qe2 e5 10. O-O Nf6 11. exd5 cxd5 12. c4 O-O 13. cxd5 Nxd5 14. Nc4 Bc7 15.
Bxh7+ Kxh7 16. Qe4+ g6 17. Qxd5 Be6 18. Qxd8 Rfxd8 19. b3 Rd4 20. Be3 Bxc4 21. Rfc1
Bb6 22. bxc4 Rd3 23. c5 Ba5 24. c6 Rc8 25. Bxa7 Rd6 26. a4 Rdxc6 27. Rxc6 Rxc6 28.
g3 Kg7 29. Ra2 Kf6 30. Kg2 Ke6 31. Kf3 f5 32. Be3 Ra6 33. Ke2 Bd8 34. h4 f4 35. gxf4
e4 36. f3 exf3+ 37. Kxf3 Bxh4 38. a5 Bd8 39. Bd2 Kd5 40. Ra4 Kc5 41. Kg4  1/2-1/2

[Event "29th 4NCL Congress"]
[Site "Harrogate"]
[Date "2023.01.21"]
[Round "2"]
[Board "11"]
[White "Hall, James"]
[Black "Hall, David G"]
[Result "1-0"]
[WhiteElo "1919"]
[BlackElo "1769"]
[PlyCount "45"]
[EventDate "2023.01.20"]
[EventRounds "5"]
[EventCountry "ENG"]

1. e4 g6 2. d4 Bg7 3. Nc3 c6 4. f4 d5 5. e5 f6 6. Bd3 fxe5 7. fxe5 Nh6 8. Nf3 Bg4
9. h3 Bxf3 10. Qxf3 Rf8 11. Qg3 Nf5 12. Bxf5 Rxf5 13. Qh4 Rh5 14. Qg4 Bxe5 15. dxe5
Rxe5+ 16. Ne2 c5 17. O-O Nd7 18. Bf4 Nf6 19. Qf3 Re4 20. Nc3 Rb4 21. Be5 d4 22. Bxf6
exf6 23. Nd5  1-0

[Event "29th 4NCL Congress"]
[Site "Harrogate"]
[Date "2023.01.21"]
[Round "2"]
[Board "13"]
[White "Connor, Michael I"]
[Black "Mcdonnell, James J."]
[Result "1/2-1/2"]
[WhiteElo "1760"]
[BlackElo "1902"]
[PlyCount "72"]
[EventDate "2023.01.20"]
[EventRounds "5"]
[EventCountry "ENG"]

1. d4 d5 2. c4 c6 3. g3 g6 4. Bg2 Bg7 5. Nf3 Nf6 6. O-O O-O 7. h3 e6 8. Qc2 Re8 9.
Rd1 Nbd7 10. Bf4 Nh5 11. Bd2 Nhf6 12. Na3 Ne4 13. e3 Nxd2 14. Rxd2 Qa5 15. Rc1 Bf8
16. Rd3 Nf6 17. Nd2 Qd8 18. e4 dxe4 19. Nxe4 Nxe4 20. Bxe4 Bg7 21. Rcd1 Qa5 22. c5
Bf8 23. Nc4 Qc7 24. f4 Bd7 25. Ne5 Rad8 26. b4 Bc8 27. Qg2 Bg7 28. Nc4 Bf8 29. a4
a6 30. Nb6 Bg7 31. Nxc8 Rxc8 32. b5 Red8 33. Qb2 Qa5 34. Qb3 Rd7 35. b6 Rcd8 36.
Qc4 Kf8  1/2-1/2

[Event "29th 4NCL Congress"]
[Site "Harrogate"]
[Date "2023.01.21"]
[Round "2"]
[Board "14"]
[White "Chester, Ian B"]
[Black "Cooper, Malcolm H"]
[Result "1-0"]
[WhiteElo "1726"]
[BlackElo "1879"]
[PlyCount "97"]
[EventDate "2023.01.20"]
[EventRounds "5"]
[EventCountry "ENG"]

1. e4 c5 2. Nf3 Nc6 3. d4 cxd4 4. Nxd4 Nf6 5. Nc3 e5 6. Ndb5 d6 7. Bg5 a6 8. Na3
b5 9. Nd5 Be7 10. Bxf6 Bxf6 11. c3 Rb8 12. Nc2 Bg5 13. g3 O-O 14. Bg2 Ne7 15. Ncb4
Bb7 16. O-O Nxd5 17. Nxd5 Kh8 18. h4 Bh6 19. Bh3 Bxd5 20. Qxd5 Qc7 21. Rad1 Rfd8
22. Rfe1 g6 23. Qb3 Qc4 24. Rd5 Bf8 25. Bf1 Qc6 26. Re3 Kg7 27. Qd1 h5 28. Bh3 b4
29. g4 bxc3 30. Rxc3 Qb7 31. b3 Qe7 32. g5 Qa7 33. Bf1 Rdc8 34. Bc4 Rc5 35. Rf3 Rb7
36. Rf6 a5 37. Qf3 Rcc7 38. a4 Rxc4 39. bxc4 Rb4 40. Rxa5 Qc7 41. Qe3 Rxc4 42. Ra7
Rc1+ 43. Kg2 Qc8 44. Raxf7+ Kg8 45. Qxc1 Qg4+ 46. Kf1 Qh3+ 47. Ke2 Qg4+ 48. f3 Qg2+
49. Ke3  1-0

[Event "29th 4NCL Congress"]
[Site "Harrogate"]
[Date "2023.01.21"]
[Round "2"]
[Board "16"]
[White "Rich, Aaron"]
[Black "Dufton, Daniel"]
[Result "1-0"]
[WhiteElo "1857"]
[BlackElo "1718"]
[PlyCount "33"]
[EventDate "2023.01.20"]
[EventRounds "5"]
[EventCountry "ENG"]

1. b3 d5 2. Bb2 c5 3. e3 Nc6 4. Bb5 e6 5. Nf3 Nf6 6. Ne5 Bd7 7. Bxc6 Bxc6 8. d3 Be7
9. O-O Qc7 10. Nd2 O-O 11. f4 b5 12. Rf3 Nd7 13. Rh3 Nxe5 14. Bxe5 Qd8 15. Qh5 h6
16. Bxg7 Bf6 17. Qxh6  1-0

[Event "29th 4NCL Congress"]
[Site "Harrogate"]
[Date "2023.01.21"]
[Round "2"]
[Board "17"]
[White "Dos Santos Silva, Bruno Alexandre"]
[Black "Ward, William"]
[Result "1-0"]
[WhiteElo "1711"]
[BlackElo "1850"]
[PlyCount "33"]
[EventDate "2023.01.20"]
[EventRounds "5"]
[EventCountry "ENG"]

1. d4 f5 2. Nc3 e6 3. Bf4 Bb4 4. Qd3 Nf6 5. O-O-O Bxc3 6. Qxc3 Nd5 7. Qg3 Nxf4 8.
Qxf4 O-O 9. Nf3 d6 10. e3 b6 11. Rg1 h6 12. h4 Bb7 13. h5 Bxf3 14. gxf3 Nd7 15. Qxh6
Qf6 16. Rg6 Qf7 17. Bc4  1-0

[Event "29th 4NCL Congress"]
[Site "Harrogate"]
[Date "2023.01.21"]
[Round "2"]
[Board "18"]
[White "Jones, Neil T"]
[Black "Stone, Ian C"]
[Result "1-0"]
[WhiteElo "1844"]
[BlackElo "1729"]
[PlyCount "81"]
[EventDate "2023.01.20"]
[EventRounds "5"]
[EventCountry "ENG"]

1. d4 d5 2. Nf3 Nf6 3. Bf4 e6 4. e3 Bd6 5. Bg3 O-O 6. Nbd2 c5 7. c3 b6 8. Bd3 Ba6
9. Bxa6 Nxa6 10. O-O Bxg3 11. hxg3 Nd7 12. Qe2 Nc7 13. Rfd1 f5 14. c4 Qf6 15. Rac1
Rac8 16. b3 g5 17. Nb1 Rf7 18. cxd5 exd5 19. dxc5 bxc5 20. Nc3 Nb6 21. a4 a5 22.
Nb5 g4 23. Nh4 Ne8 24. Qd2 c4 25. Nd4 Ng7 26. Qxa5 Ra8 27. Qc3 cxb3 28. Qxb3 Nc4
29. Nb5 Qc6 30. Qc2 Qe6 31. Nc3 Nxe3 32. fxe3 Qxe3+ 33. Qf2 Qg5 34. Nxd5 Rd7 35.
Nf6+ Qxf6 36. Rxd7 Re8 37. Rcd1 Qe5 38. Rd8 Rxd8 39. Rxd8+ Kf7 40. Qa7+ Kf6 41. Qd4
 1-0

[Event "29th 4NCL Congress"]
[Site "Harrogate"]
[Date "2023.01.21"]
[Round "2"]
[Board "19"]
[White "Jayawarna, Tarini"]
[Black "Kane, Robert"]
[Result "0-1"]
[WhiteElo "1680"]
[BlackElo "1843"]
[PlyCount "66"]
[EventDate "2023.01.20"]
[EventRounds "5"]
[EventCountry "ENG"]

1. e4 c6 2. d4 d5 3. Nc3 dxe4 4. Nxe4 Nf6 5. Nxf6+ gxf6 6. Nf3 Bf5 7. g3 e6 8. Bf4
Bd6 9. Bxd6 Qxd6 10. c3 Nd7 11. Bg2 Be4 12. O-O h5 13. Nh4 Bxg2 14. Kxg2 O-O-O 15.
b4 f5 16. f4 Nf6 17. a4 Rhg8 18. Qf3 Rg4 19. Kh1 Rdg8 20. Qd3 Qd5+ 21. Rf3 Ne4 22.
Ng2 f6 23. a5 Qd7 24. Rc1 Qg7 25. b5 h4 26. bxc6 hxg3 27. Qc4 gxh2 28. Qxe6+ Kb8
29. c7+ Kxc7 30. Qc4+ Kb8 31. Rc2 Rxg2 32. Qxg8+ Qxg8 33. Rxg2 Qd5  0-1

[Event "29th 4NCL Congress"]
[Site "Harrogate"]
[Date "2023.01.21"]
[Round "2"]
[Board "20"]
[White "Livesey, R Nigel"]
[Black "Baxter, Martin"]
[Result "1/2-1/2"]
[WhiteElo "1818"]
[BlackElo "1707"]
[PlyCount "63"]
[EventDate "2023.01.20"]
[EventRounds "5"]
[EventCountry "ENG"]

1. c4 Nf6 2. g3 d5 3. cxd5 Nxd5 4. Bg2 e5 5. Nc3 c6 6. Nf3 Bd6 7. O-O O-O 8. d4 Nxc3
9. bxc3 Nd7 10. Qc2 exd4 11. cxd4 Nf6 12. Rb1 Qa5 13. e4 Nxe4 14. Ne5 Nf6 15. Nc4
Qd8 16. Nxd6 Qxd6 17. Qd3 Rd8 18. Be3 b5 19. Bf4 Qd7 20. Bg5 Qf5 21. Qxf5 Bxf5 22.
Bxf6 gxf6 23. Rbc1 Rxd4 24. Bxc6 Rb8 25. Rc5 Bd7 26. Bxd7 Rxd7 27. Rb1 Rdb7 28. Rb4
a5 29. Rh4 a4 30. Rb4 Kf8 31. Kf1 Kg7 32. Rg4+  1/2-1/2

[Event "29th 4NCL Congress"]
[Site "Harrogate"]
[Date "2023.01.21"]
[Round "2"]
[Board "21"]
[White "May, Paul"]
[Black "Jayawarna, Thisumi"]
[Result "1/2-1/2"]
[WhiteElo "1815"]
[BlackElo "1660"]
[PlyCount "84"]
[EventDate "2023.01.20"]
[EventRounds "5"]
[EventCountry "ENG"]

1. d4 Nf6 2. c4 c5 3. d5 e6 4. Nc3 exd5 5. cxd5 d6 6. Nf3 g6 7. Nd2 Nbd7 8. e4 a6
9. a4 Bg7 10. Be2 O-O 11. O-O b6 12. f4 Re8 13. Bf3 Bb7 14. Nc4 Qc7 15. g4 h6 16.
h4 Nh7 17. Qc2 Rab8 18. g5 hxg5 19. hxg5 Ba8 20. Qg2 b5 21. axb5 axb5 22. Ne3 c4
23. Ng4 Nc5 24. Nh6+ Bxh6 25. gxh6 Qe7 26. f5 g5 27. f6 Qe5 28. Bh5 Nxe4 29. Bf4
Qd4+ 30. Kh2 Nxc3 31. bxc3 Qxd5 32. Qg3 Rbd8 33. Rad1 Qe6 34. Bxd6 Bd5 35. Be7 Rb8
36. Rde1 Qc6 37. Rf5 Kh8 38. Qe5 Qe6 39. Bxf7 Qxe5+ 40. Rexe5 Bxf7 41. Rxb5 Rxb5
42. Rxb5 Kg8  1/2-1/2

[Event "29th 4NCL Congress"]
[Site "Harrogate"]
[Date "2023.01.21"]
[Round "2"]
[Board "22"]
[White "Gallagher, Dominic"]
[Black "Ashton, Alannah"]
[Result "0-1"]
[WhiteElo "1649"]
[BlackElo "1789"]
[PlyCount "88"]
[EventDate "2023.01.20"]
[EventRounds "5"]
[EventCountry "ENG"]

1. d4 Nf6 2. Bf4 d5 3. e3 e6 4. Nd2 Bd6 5. Ngf3 Bxf4 6. exf4 O-O 7. Bd3 b6 8. O-O
c5 9. c3 Nc6 10. Ne5 Bb7 11. Qe2 cxd4 12. Nxc6 Bxc6 13. cxd4 Qd6 14. g3 Bb7 15. a3
Rac8 16. Rac1 Rc7 17. Qe5 Qxe5 18. fxe5 Rxc1 19. Rxc1 Ne4 20. Nf3 Rc8 21. Rxc8+ Bxc8
22. h4 f6 23. Bxe4 dxe4 24. Nd2 Bb7 25. Kf1 Ba6+ 26. Ke1 f5 27. Nf1 Bxf1 28. Kxf1
Kf7 29. Ke2 Ke7 30. f3 exf3+ 31. Kxf3 Kd7 32. h5 Kc6 33. Ke3 Kd5 34. b3 a5 35. a4
g6 36. h6 g5 37. Kd3 f4 38. g4 f3 39. Ke3 f2 40. Kxf2 Kxd4 41. Ke2 Kxe5 42. Ke3 Kd5
43. Kd3 e5 44. Ke3 e4  0-1